Statistiques concernant Culture Générale - Série 929

Cliquez ici pour prendre le quiz!

Statistiques générales

  • Ce quiz a été pris 78 fois
  • Le résultat moyen est 4 sur 10

Statistiques - réponses

QuestionRéponse% Correct
En France, en quelle année fut organisé le référendum sur l'élection du Président de la République au suffrage universel direct ?1962
54%
Quel vin blanc pétillant issu du muscat, dit "spumante", tire son nom d'une ville italienne du Piémont ?asti
53%
En 2003, quelle île de Tanzanie est le nom d'un bar dans une chanson d'Adamo ?Zanzibar
50%
Quel détroit situé en Turquie, séparant l'Europe et l'Asie, relie la mer Noire et la mer de Marmara ?Bosphore
46%
Quelle population du Sahara parle un dialecte berbère étudié par le père de Foucauld ?Touareg
43%
Dans quelle ville est né Louis Pasteur ?Dole
36%
En France, quel régime a succédé à la Convention thermidorienne d'octobre 1795 ?Directoire
32%
Quel était le surnom de la lavandière Jeanne Le Calvé, héroïne de spots publiciaires des années 1980 ?La mère Denis
32%
Dans quelle discipline sportive s'est illustré Christian d'Oriola ?escrime
25%
Dans un jeu de cartes, comment se prénomme la dame de coeur ?Judith
25%

Distribution des résultats

Percentile par nombre de réponses

% des personnes avec chaque résultat

Votre développement - résultats

Vous n’avez pas pris ce quiz